[Event "DVM U10 2023"]
[Site "Magdeburg GER"]
[Date "2023.12.27"]
[Round "1"]
[White "Xu, Yan"]
[Black "Zarbock, Tim Pepe"]
[Result "1-0"]
[Termination "normal"]
[Board "17.2"]
[WhiteElo "1171"]
[BlackElo "756"]
[WhiteClock "00:27:42"]
[BlackClock "00:26:50"]
[WhiteTeam "SV Dresden-Striesen 1990"]
[BlackTeam "Greifswalder SV"]
[PlyCount "117"]
[WhiteFideId "34693424"]
[EventCountry "GER"]
[EventRounds "7"]
[EventType "team-swiss"]
[EventDate "2023.12.27"]

1. e4 {[%clk 00:55:07]} {[%emt 00:00:03]} e5 {[%clk 00:55:03]} {[%emt
00:00:07]} 2. Nf3 {[%clk 00:55:06]} {[%emt 00:00:05]} Nc6 {[%clk 00:55:01]}
{[%emt 00:00:08]} 3. Bb5 {[%clk 00:55:03]} {[%emt 00:00:08]} d6 {[%clk
00:54:50]} {[%emt 00:00:17]} 4. c3 {[%clk 00:54:43]} {[%emt 00:00:24]} Nf6
{[%clk 00:54:28]} {[%emt 00:00:26]} 5. Qc2 {[%clk 00:54:12]} {[%emt 00:00:37]}
Bd7 {[%clk 00:54:06]} {[%emt 00:00:26]} 6. d4 {[%clk 00:53:51]} {[%emt
00:00:26]} a6 {[%clk 00:53:19]} {[%emt 00:00:53]} 7. Ba4 {[%clk 00:53:21]}
{[%emt 00:00:35]} Be7 {[%clk 00:53:03]} {[%emt 00:00:20]} 8. Be3 {[%clk
00:52:38]} {[%emt 00:00:48]} O-O {[%clk 00:52:34]} {[%emt 00:00:34]} 9. O-O
{[%clk 00:52:27]} {[%emt 00:00:16]} h6 {[%clk 00:51:56]} {[%emt 00:00:43]} 10.
Nbd2 {[%clk 00:51:43]} {[%emt 00:00:49]} Bg4 {[%clk 00:51:24]} {[%emt
00:00:36]} 11. d5 {[%clk 00:50:44]} {[%emt 00:01:05]} Na7 {[%clk 00:50:00]}
{[%emt 00:01:30]} 12. Qb3 {[%clk 00:49:59]} {[%emt 00:00:49]} Qb8 {[%clk
00:49:02]} {[%emt 00:01:01]} 13. Qc2 {[%clk 00:49:13]} {[%emt 00:00:52]} c6
{[%clk 00:48:10]} {[%emt 00:00:59]} 14. Bxa7 {[%clk 00:47:38]} {[%emt
00:01:40]} Qxa7 {[%clk 00:47:36]} {[%emt 00:00:36]} 15. dxc6 {[%clk 00:47:12]}
{[%emt 00:00:34]} bxc6 {[%clk 00:46:51]} {[%emt 00:00:50]} 16. Bxc6 {[%clk
00:47:05]} {[%emt 00:00:12]} Rac8 {[%clk 00:46:23]} {[%emt 00:00:31]} 17. Ba4
{[%clk 00:46:51]} {[%emt 00:00:20]} Bxf3 {[%clk 00:45:27]} {[%emt 00:01:01]}
18. Nxf3 {[%clk 00:46:37]} {[%emt 00:00:20]} Rc4 {[%clk 00:45:08]} {[%emt
00:00:24]} 19. Nd2 {[%clk 00:45:35]} {[%emt 00:01:07]} Rcc8 {[%emt 00:01:04]}
20. Qd3 {[%clk 00:44:41]} {[%emt 00:00:56]} Qb6 {[%clk 00:42:32]} {[%emt
00:01:45]} 21. b4 {[%clk 00:44:00]} {[%emt 00:00:46]} a5 {[%clk 00:41:53]}
{[%emt 00:00:42]} 22. b5 {[%clk 00:42:26]} {[%emt 00:01:40]} Qc5 {[%clk
00:40:35]} {[%emt 00:01:23]} 23. c4 {[%clk 00:41:27]} {[%emt 00:01:05]} Qd4
{[%clk 00:39:37]} {[%emt 00:01:03]} 24. Qxd4 {[%clk 00:40:28]} {[%emt
00:01:04]} exd4 {[%emt 00:00:09]} 25. Bc2 {[%emt 00:00:22]} Nd7 {[%clk
00:38:03]} {[%emt 00:01:07]} 26. Bd3 {[%clk 00:39:58]} {[%emt 00:00:36]} Ne5
{[%clk 00:37:29]} {[%emt 00:00:38]} 27. Bb1 {[%clk 00:38:11]} {[%emt 00:01:49]}
Bg5 {[%clk 00:37:02]} {[%emt 00:00:36]} 28. f4 {[%clk 00:37:44]} {[%emt
00:00:32]} Bxf4 {[%clk 00:36:13]} {[%emt 00:00:53]} 29. Rxf4 {[%clk 00:37:16]}
{[%emt 00:00:33]} g5 {[%clk 00:35:08]} {[%emt 00:01:10]} 30. Rf2 {[%clk
00:36:35]} {[%emt 00:00:46]} Nxc4 {[%clk 00:34:15]} {[%emt 00:00:58]} 31. Nxc4
{[%clk 00:36:12]} {[%emt 00:00:29]} Rxc4 {[%clk 00:34:12]} {[%emt 00:00:08]}
32. Rf6 {[%clk 00:35:46]} {[%emt 00:00:30]} Rc1+ {[%clk 00:33:36]} {[%emt
00:00:42]} 33. Kf2 {[%clk 00:35:12]} {[%emt 00:00:37]} Rd8 {[%clk 00:33:11]}
{[%emt 00:00:30]} 34. Rxh6 {[%clk 00:34:24]} {[%emt 00:00:55]} d5 {[%clk
00:32:43]} {[%emt 00:00:33]} 35. exd5 {[%clk 00:33:43]} {[%emt 00:00:46]} Rxd5
{[%clk 00:32:41]} {[%emt 00:00:06]} 36. Ra6 {[%clk 00:33:17]} {[%emt 00:00:32]}
Rxb5 {[%clk 00:32:35]} {[%emt 00:00:09]} 37. Bh7+ {[%clk 00:33:14]} {[%emt
00:00:10]} Kxh7 {[%emt 00:00:17]} 38. Rxc1 {[%emt 00:00:11]} Rd5 {[%clk
00:31:48]} {[%emt 00:00:39]} 39. Rc7 {[%clk 00:32:34]} {[%emt 00:00:39]} Kg7
{[%clk 00:31:37]} {[%emt 00:00:16]} 40. Raa7 {[%clk 00:32:04]} {[%emt
00:00:35]} Rf5+ {[%clk 00:31:22]} {[%emt 00:00:20]} 41. Ke2 {[%clk 00:31:43]}
{[%emt 00:00:27]} Kg6 {[%clk 00:30:10]} {[%emt 00:01:17]} 42. g4 {[%clk
00:30:58]} {[%emt 00:00:50]} Rd5 {[%clk 00:29:48]} {[%emt 00:00:27]} 43. Rxf7
{[%clk 00:30:34]} {[%emt 00:00:28]} Rd6 {[%clk 00:28:49]} {[%emt 00:01:04]} 44.
Rfd7 {[%clk 00:29:50]} {[%emt 00:00:49]} Rxd7 {[%clk 00:28:29]} {[%emt
00:00:26]} 45. Rxd7 {[%clk 00:29:47]} {[%emt 00:00:08]} Kf6 {[%emt 00:00:31]}
46. Rd5 {[%clk 00:29:33]} a4 {[%clk 00:28:11]} {[%emt 00:00:16]} 47. Kd3 {[%clk
00:29:13]} {[%emt 00:00:26]} Ke6 {[%clk 00:28:01]} {[%emt 00:00:14]} 48. Rxg5
{[%clk 00:29:10]} {[%emt 00:00:07]} Kd6 {[%clk 00:27:50]} {[%emt 00:00:17]} 49.
h4 {[%clk 00:28:57]} {[%emt 00:00:18]} Ke6 {[%clk 00:27:49]} {[%emt 00:00:06]}
50. h5 {[%clk 00:28:51]} {[%emt 00:00:10]} Kf6 {[%clk 00:27:49]} {[%emt
00:00:06]} 51. Rf5+ {[%clk 00:28:49]} {[%emt 00:00:07]} Ke6 {[%clk 00:27:28]}
{[%emt 00:00:25]} 52. h6 {[%clk 00:28:42]} {[%emt 00:00:13]} Kd6 {[%clk
00:27:29]} {[%emt 00:00:04]} 53. h7 {[%clk 00:28:36]} {[%emt 00:00:11]} Kc6
{[%clk 00:27:24]} {[%emt 00:00:10]} 54. h8=R {[%emt 00:00:21]} Kd6 {[%clk
00:27:14]} {[%emt 00:00:14]} 55. Rh6+ {[%clk 00:28:03]} {[%emt 00:00:22]} Ke7
{[%clk 00:27:11]} {[%emt 00:00:08]} 56. Ra5 {[%clk 00:27:57]} {[%emt 00:00:11]}
Kf7 {[%clk 00:27:06]} {[%emt 00:00:11]} 57. Ra7+ {[%clk 00:27:50]} {[%emt
00:00:12]} Kg8 {[%clk 00:27:04]} {[%emt 00:00:07]} 58. Rb6 {[%clk 00:27:49]}
{[%emt 00:00:06]} Kh8 {[%clk 00:26:50]} {[%emt 00:00:18]} 59. Rb8# {[%clk
00:27:42]} {[%emt 00:00:07]} *

[Event "DVM U10 2023"]
[Site "Magdeburg GER"]
[Date "2023.12.27"]
[Round "1"]
[White "Korth, Alexander"]
[Black "Cetinalp, Poyraz"]
[Result "0-1"]
[Termination "normal"]
[Board "17.3"]
[WhiteElo "767"]
[BlackElo "1171"]
[WhiteClock "00:35:16"]
[BlackClock "00:40:25"]
[WhiteTeam "Greifswalder SV"]
[BlackTeam "SV Dresden-Striesen 1990"]
[PlyCount "70"]
[BlackFideId "34671340"]
[EventCountry "GER"]
[EventRounds "7"]
[EventType "team-swiss"]
[EventDate "2023.12.27"]

1. e4 {[%clk 00:55:06]} {[%emt 00:00:04]} e5 {[%clk 00:55:07]} {[%emt
00:00:04]} 2. Nf3 {[%clk 00:55:01]} {[%emt 00:00:08]} Nc6 {[%clk 00:55:07]}
{[%emt 00:00:06]} 3. Nc3 {[%clk 00:54:51]} {[%emt 00:00:15]} Nf6 {[%clk
00:55:08]} {[%emt 00:00:04]} 4. Bc4 {[%clk 00:54:36]} {[%emt 00:00:20]} Bc5
{[%clk 00:54:58]} {[%emt 00:00:15]} 5. Bb5 {[%clk 00:53:50]} {[%emt 00:00:52]}
O-O {[%clk 00:54:26]} {[%emt 00:00:36]} 6. d3 {[%clk 00:53:24]} {[%emt
00:00:31]} h6 {[%clk 00:54:23]} {[%emt 00:00:08]} 7. O-O {[%clk 00:52:53]}
{[%emt 00:00:35]} d6 {[%clk 00:54:17]} {[%emt 00:00:12]} 8. Bc4 {[%clk
00:52:27]} {[%emt 00:00:31]} Bg4 {[%clk 00:54:05]} {[%emt 00:00:17]} 9. Be3
{[%clk 00:51:33]} {[%emt 00:00:59]} Nd4 {[%clk 00:53:36]} {[%emt 00:00:31]} 10.
Bxd4 {[%clk 00:51:00]} {[%emt 00:00:41]} Bxd4 {[%clk 00:53:25]} {[%emt
00:00:15]} 11. h3 {[%clk 00:50:26]} {[%emt 00:00:40]} Bh5 {[%clk 00:53:09]}
{[%emt 00:00:21]} 12. Qd2 {[%clk 00:49:38]} {[%emt 00:00:53]} Bxf3 {[%clk
00:52:59]} {[%emt 00:00:14]} 13. gxf3 {[%clk 00:49:30]} {[%emt 00:00:14]} Qd7
{[%clk 00:52:35]} {[%emt 00:00:28]} 14. Kh2 {[%clk 00:48:57]} {[%emt 00:00:38]}
Nh7 {[%clk 00:51:22]} {[%emt 00:01:18]} 15. f4 {[%clk 00:48:05]} {[%emt
00:00:58]} exf4 {[%clk 00:51:10]} {[%emt 00:00:17]} 16. Qxf4 {[%clk 00:47:48]}
{[%emt 00:00:21]} Be5 {[%clk 00:50:57]} {[%emt 00:00:19]} 17. Qxe5 {[%clk
00:47:02]} {[%emt 00:00:50]} dxe5 {[%clk 00:50:54]} {[%emt 00:00:09]} 18. Bd5
{[%clk 00:46:35]} {[%emt 00:00:33]} c6 {[%clk 00:50:45]} {[%emt 00:00:13]} 19.
Bc4 {[%clk 00:46:17]} {[%emt 00:00:23]} b5 {[%clk 00:50:36]} {[%emt 00:00:14]}
20. Bb3 {[%clk 00:46:04]} {[%emt 00:00:18]} a5 {[%clk 00:50:26]} {[%emt
00:00:15]} 21. a4 {[%clk 00:45:24]} {[%emt 00:00:46]} b4 {[%clk 00:50:09]}
{[%emt 00:00:21]} 22. Ne2 {[%clk 00:44:35]} {[%emt 00:00:53]} Ng5 {[%clk
00:49:33]} {[%emt 00:00:41]} 23. Ng1 {[%clk 00:44:02]} {[%emt 00:00:39]} Kh8
{[%clk 00:48:59]} {[%emt 00:00:39]} 24. h4 {[%clk 00:43:12]} {[%emt 00:00:55]}
Nh7 {[%clk 00:48:25]} {[%emt 00:00:39]} 25. f4 {[%clk 00:42:49]} {[%emt
00:00:27]} Rae8 {[%clk 00:46:02]} {[%emt 00:02:26]} 26. fxe5 {[%clk 00:41:59]}
{[%emt 00:00:57]} Rxe5 {[%clk 00:45:52]} {[%emt 00:00:16]} 27. Rf2 {[%clk
00:40:48]} {[%emt 00:01:16]} f5 {[%clk 00:45:04]} {[%emt 00:00:54]} 28. Raf1
{[%clk 00:39:51]} {[%emt 00:01:01]} Qd6 {[%clk 00:44:08]} {[%emt 00:01:01]} 29.
Kh3 {[%clk 00:38:48]} {[%emt 00:01:08]} fxe4 {[%clk 00:42:42]} {[%emt
00:01:29]} 30. Rxf8+ {[%clk 00:38:14]} {[%emt 00:00:40]} Nxf8 {[%clk 00:42:24]}
{[%emt 00:00:23]} 31. Ne2 {[%clk 00:37:08]} {[%emt 00:01:12]} exd3 {[%clk
00:41:28]} {[%emt 00:01:01]} 32. cxd3 {[%clk 00:36:59]} {[%emt 00:00:14]} Qxd3+
{[%clk 00:40:57]} {[%emt 00:00:35]} 33. Kh2 {[%clk 00:36:27]} {[%emt 00:00:37]}
Rxe2+ {[%clk 00:40:45]} {[%emt 00:00:17]} 34. Kh1 {[%clk 00:35:20]} {[%emt
00:01:12]} Qh3+ {[%clk 00:40:35]} {[%emt 00:00:16]} 35. Kg1 {[%clk 00:35:16]}
{[%emt 00:00:09]} Qg2# {[%clk 00:40:25]} {[%emt 00:00:13]} 0-1

[Event "DVM U10 2023"]
[Site "Magdeburg GER"]
[Date "2023.12.27"]
[Round "1"]
[White "Tischlinger, Lara"]
[Black "Goecking, Mats"]
[Result "1-0"]
[Termination "normal"]
[Board "18.1"]
[WhiteElo "1312"]
[BlackElo "1050"]
[WhiteClock "00:43:17"]
[BlackClock "00:28:07"]
[WhiteTeam "SK Weisse Dame Hamburg"]
[BlackTeam "SV Eintracht Tangerhütte"]
[PlyCount "37"]
[WhiteFideId "34663401"]
[BlackFideId "34627383"]
[EventCountry "GER"]
[EventRounds "7"]
[EventType "team-swiss"]
[EventDate "2023.12.27"]

1. e4 {[%clk 00:55:07]} {[%emt 00:00:02]} e5 {[%clk 00:55:01]} {[%emt
00:00:10]} 2. Nf3 {[%clk 00:55:05]} {[%emt 00:00:07]} Nc6 {[%clk 00:55:00]}
{[%emt 00:00:06]} 3. d4 {[%clk 00:55:03]} {[%emt 00:00:07]} exd4 {[%clk
00:54:20]} {[%emt 00:00:44]} 4. Nxd4 {[%clk 00:54:57]} {[%emt 00:00:10]} Nxd4
{[%clk 00:52:55]} {[%emt 00:01:31]} 5. Qxd4 {[%clk 00:54:49]} {[%emt 00:00:12]}
h6 {[%clk 00:51:17]} {[%emt 00:01:43]} 6. Nc3 {[%clk 00:53:41]} {[%emt
00:01:14]} Nf6 {[%clk 00:48:54]} {[%emt 00:02:28]} 7. Bc4 {[%clk 00:52:47]}
{[%emt 00:00:59]} d6 {[%clk 00:45:56]} {[%emt 00:03:03]} 8. O-O {[%clk
00:51:21]} {[%emt 00:01:31]} g5 {[%clk 00:42:53]} {[%emt 00:03:07]} 9. Re1
{[%clk 00:50:25]} {[%emt 00:01:02]} g4 {[%clk 00:39:04]} {[%emt 00:03:54]} 10.
e5 {[%clk 00:49:02]} {[%emt 00:01:28]} Qe7 {[%clk 00:38:23]} {[%emt 00:00:45]}
11. Bf4 {[%clk 00:48:05]} {[%emt 00:01:03]} Be6 {[%clk 00:36:25]} {[%emt
00:02:03]} 12. exf6 {[%clk 00:46:51]} {[%emt 00:01:18]} Qd7 {[%clk 00:34:55]}
{[%emt 00:01:36]} 13. Bxe6 {[%clk 00:46:30]} {[%emt 00:00:27]} fxe6 {[%clk
00:33:24]} {[%emt 00:01:35]} 14. f7+ {[%emt 00:02:06]} Qxf7 {[%clk 00:32:16]}
{[%emt 00:00:42]} 15. Qxh8 {[%clk 00:44:49]} {[%emt 00:00:16]} Qxf4 {[%clk
00:32:01]} {[%emt 00:00:19]} 16. Rxe6+ {[%clk 00:44:13]} {[%emt 00:00:41]} Kd7
{[%clk 00:31:10]} {[%emt 00:00:57]} 17. Rf6 {[%clk 00:43:45]} {[%emt 00:00:32]}
Qg5 {[%clk 00:28:30]} {[%emt 00:02:46]} 18. Rxf8 {[%clk 00:43:22]} {[%emt
00:00:28]} Rxf8 {[%clk 00:28:07]} {[%emt 00:00:28]} 19. Qxf8 {[%clk 00:43:17]}
{[%emt 00:00:09]} 1-0

[Event "DVM U10 2023"]
[Site "Magdeburg GER"]
[Date "2023.12.27"]
[Round "1"]
[White "Mulgunov, Alexej Nikolaj"]
[Black "Fabritius, Wolf"]
[Result "0-1"]
[Termination "normal"]
[Board "19.1"]
[WhiteElo "1139"]
[BlackElo "1043"]
[WhiteClock "00:38:04"]
[BlackClock "00:42:17"]
[WhiteTeam "fuß brothers Jena"]
[BlackTeam "SF Heidelberg"]
[PlyCount "56"]
[BlackFideId "34632603"]
[EventCountry "GER"]
[EventRounds "7"]
[EventType "team-swiss"]
[EventDate "2023.12.27"]

1. e4 {[%clk 00:55:08]} {[%emt 00:00:01]} e6 {[%clk 00:55:04]} {[%emt
00:00:07]} 2. d4 {[%clk 00:55:08]} {[%emt 00:00:05]} d5 {[%clk 00:55:01]}
{[%emt 00:00:08]} 3. e5 {[%clk 00:55:04]} {[%emt 00:00:09]} c5 {[%clk
00:54:59]} {[%emt 00:00:08]} 4. dxc5 {[%clk 00:54:19]} {[%emt 00:00:41]} Bxc5
{[%clk 00:55:01]} {[%emt 00:00:11]} 5. Nf3 {[%emt 00:00:09]} Ne7 {[%emt
00:00:29]} 6. Bb5+ {[%clk 00:53:12]} {[%emt 00:00:13]} Bd7 {[%clk 00:54:53]}
{[%emt 00:00:33]} 7. Bxd7+ {[%emt 00:00:12]} Nxd7 {[%emt 00:00:20]} 8. O-O
{[%clk 00:52:20]} {[%emt 00:00:25]} O-O {[%clk 00:54:50]} {[%emt 00:00:08]} 9.
Qd3 {[%clk 00:50:53]} {[%emt 00:01:31]} Nf5 {[%clk 00:54:23]} {[%emt 00:00:33]}
10. Na3 {[%clk 00:48:22]} {[%emt 00:02:36]} Rc8 {[%clk 00:53:43]} {[%emt
00:00:46]} 11. Be3 {[%clk 00:48:01]} {[%emt 00:00:25]} Bxe3 {[%clk 00:52:36]}
{[%emt 00:01:12]} 12. fxe3 {[%clk 00:47:50]} {[%emt 00:00:16]} a6 {[%clk
00:51:28]} {[%emt 00:01:14]} 13. e4 {[%clk 00:46:07]} {[%emt 00:00:57]} Nc5
{[%clk 00:51:03]} {[%emt 00:01:20]} 14. Qe2 {[%clk 00:44:11]} {[%emt 00:02:00]}
Nxe4 {[%clk 00:49:57]} {[%emt 00:01:12]} 15. Rad1 {[%clk 00:43:27]} {[%emt
00:00:50]} Qb6+ {[%clk 00:48:54]} {[%emt 00:01:08]} 16. Kh1 {[%clk 00:42:46]}
{[%emt 00:00:35]} Neg3+ {[%clk 00:48:28]} {[%emt 00:00:41]} 17. hxg3 {[%clk
00:42:31]} {[%emt 00:00:19]} Nxg3+ {[%clk 00:48:21]} {[%emt 00:00:13]} 18. Kh2
{[%emt 00:00:11]} Nxe2 {[%emt 00:00:13]} 19. b3 {[%clk 00:41:53]} {[%emt
00:00:19]} Nc3 {[%clk 00:46:44]} {[%emt 00:01:42]} 20. Rd4 {[%clk 00:41:23]}
{[%emt 00:00:34]} Nb5 {[%clk 00:45:53]} {[%emt 00:00:56]} 21. Nxb5 {[%clk
00:41:17]} {[%emt 00:00:12]} Qxb5 {[%clk 00:45:28]} {[%emt 00:00:30]} 22. Rh1
{[%clk 00:41:05]} {[%emt 00:00:12]} Rxc2 {[%clk 00:44:56]} {[%emt 00:00:42]}
23. Rh4 {[%emt 00:00:17]} Qe2 {[%emt 00:00:46]} 24. Kg3 {[%clk 00:39:52]}
{[%emt 00:00:14]} Qxg2+ {[%clk 00:43:42]} {[%emt 00:01:19]} 25. Kf4 {[%emt
00:00:10]} h6 {[%clk 00:42:33]} {[%emt 00:01:10]} 26. Rxh6 {[%clk 00:39:25]}
{[%emt 00:00:13]} gxh6 {[%clk 00:42:29]} {[%emt 00:00:26]} 27. Rg1 {[%emt
00:00:07]} Kh7 {[%emt 00:01:02]} 28. Rxg2 {[%clk 00:38:04]} {[%emt 00:00:16]}
Rxg2 {[%clk 00:42:17]} {[%emt 00:00:19]} 0-1

[Event "DVM U10 2023"]
[Site "Magdeburg GER"]
[Date "2023.12.27"]
[Round "1"]
[White "Graf, Tom"]
[Black "Glöckner, Jakob"]
[Result "1-0"]
[Termination "normal"]
[Board "19.2"]
[WhiteElo "1095"]
[BlackElo "865"]
[WhiteClock "00:49:34"]
[BlackClock "00:36:42"]
[WhiteTeam "SF Heidelberg"]
[BlackTeam "fuß brothers Jena"]
[PlyCount "43"]
[WhiteFideId "34622420"]
[EventCountry "GER"]
[EventRounds "7"]
[EventType "team-swiss"]
[EventDate "2023.12.27"]

1. e4 {[%clk 00:55:07]} {[%emt 00:00:02]} e5 {[%emt 00:00:04]} 2. Nf3 {[%clk
00:55:00]} {[%emt 00:00:10]} Nc6 {[%clk 00:55:07]} {[%emt 00:00:06]} 3. d4
{[%clk 00:54:47]} {[%emt 00:00:18]} d6 {[%clk 00:54:58]} {[%emt 00:00:06]} 4.
d5 {[%clk 00:54:44]} {[%emt 00:00:16]} Na5 {[%clk 00:53:40]} {[%emt 00:01:22]}
5. b4 {[%clk 00:54:21]} {[%emt 00:00:29]} Nc6 {[%emt 00:00:29]} 6. dxc6 {[%emt
00:00:17]} bxc6 {[%clk 00:52:28]} {[%emt 00:00:31]} 7. Nc3 {[%clk 00:51:43]}
{[%emt 00:02:43]} d5 {[%clk 00:51:51]} {[%emt 00:00:41]} 8. exd5 {[%clk
00:51:38]} {[%emt 00:00:11]} Bxb4 {[%emt 00:00:34]} 9. Bd2 {[%emt 00:00:33]}
Bxc3 {[%clk 00:50:29]} {[%emt 00:00:13]} 10. Bxc3 {[%clk 00:51:41]} {[%emt
00:00:09]} cxd5 {[%emt 00:00:09]} 11. Bxe5 {[%clk 00:51:07]} {[%emt 00:00:36]}
f6 {[%clk 00:48:31]} {[%emt 00:01:57]} 12. Bb2 {[%clk 00:50:54]} {[%emt
00:00:23]} Qe7+ {[%clk 00:47:04]} {[%emt 00:01:20]} 13. Qe2 {[%clk 00:50:43]}
{[%emt 00:00:28]} Be6 {[%emt 00:01:03]} 14. Nd4 {[%emt 00:00:33]} Qb4+ {[%clk
00:44:19]} {[%emt 00:00:35]} 15. c3 {[%clk 00:50:31]} {[%emt 00:00:57]} Ne7
{[%emt 00:02:59]} 16. cxb4 {[%emt 00:00:35]} Bd7 {[%clk 00:39:32]} {[%emt
00:00:49]} 17. b5 {[%clk 00:50:18]} {[%emt 00:00:46]} O-O {[%clk 00:39:11]}
{[%emt 00:00:20]} 18. Ba3 {[%clk 00:50:09]} {[%emt 00:00:21]} Rae8 {[%emt
00:00:08]} 19. Ne6 {[%emt 00:00:57]} Bxe6 {[%emt 00:00:32]} 20. Qxe6+ {[%emt
00:00:13]} Rf7 {[%clk 00:36:42]} {[%emt 00:00:34]} 21. Be2 {[%clk 00:49:34]}
{[%emt 00:00:50]} Ng6 {[%emt 00:00:24]} 22. Qxe8+ {[%clk 00:49:34]} {[%emt
00:00:24]} 1-0